01112nab a22002297a 4500003000400000005001700004008004100021040000700062100002300069245011700092260007200209300001300281500003900294505022900333505008900562650002000651650002400671650001300695650001300708650002300721773013800744OSt20260114155613.0190605e xxu||||| |||| 00| 0 spa d cPJ aAlvez, Facundo M. 13aLa problemática en torno a la calificación de los trabajadores de plataformas digitales /cFacundo M. Alvez. aCiudad Autónoma de Buenos Aires :bThomson Reuters La Ley,c2022. ap. 36-41 aCita: TR LALEY AR/DOC/2434/2022.  aSumario: I. Introducción.— II. El problema en torno a la calificación.— III. La crisis de los conceptos legales tradicionales.— IV. Posibles soluciones a la problemática de la calificación.— V. Conclusión.  t¿Te interesa el texto completo? Solicitalo al correo: koha@justierradelfuego.gov.ar 0aDERECHO LABORAL 0aDERECHO INFORMATICO 0aPANDEMIA 0aINTERNET 0aJORNADA DE TRABAJO0 02711dCiudad Autónoma de Buenos Aires : Thomson Reuters La Ley, 1999-2002.tRevista de derecho del trabajo. Nº 5 - Septiembre 2022